[Event "EU-ch Blitz"]
[Site "Katowice"]
[Date "2022.12.16"]
[Round "1"]
[White "Aira, Leonardo"]
[Black "Mastrovasilis, Dimitrios"]
[Result "0-1"]
[WhiteElo "1926"]
[BlackElo "2605"]
[PlyCount "78"]
[EventDate "2022.12.16"]
[EventType "swiss (blitz)"]
[EventRounds "22"]
[EventCountry "POL"]
[SourceTitle "CBM 211 Extra"]
[Source "ChessBase"]
[SourceDate "2023.01.31"]
[SourceVersion "1"]
[SourceVersionDate "2023.01.31"]
[SourceQuality "1"]

1. e4 d5 2. exd5 Qxd5 3. Nc3 Qd6 4. d4 Nf6 5. Nf3 g6 6. Bc4 Bg7 7. 0-0 0-0 8. Be3 a6 9. a4 Bg4 10. h3 Bxf3 11. Qxf3 Nc6 12. Rad1 Rad8 13. Ne2 Nd5 14. c3 e6 15. Bf4 Qd7 16. Ng3 Nxf4 17. Qxf4 Qd6 18. Qe3 Ne7 19. Ne4 Qc6 20. Bd3 Qxa4 21. Qf3 Qc6 22. Qe2 Rfe8 23. f4 Nf5 24. g4 Nd6 25. Nxd6 Qxd6 26. Be4 c5 27. Qc4 cxd4 28. cxd4 b5 29. Qc5 Bxd4+ 30. Rxd4 Qxd4+ 31. Qxd4 Rxd4 32. Bb7 a5 33. Bc6 Red8 34. f5 exf5 35. gxf5 Rd1 36. fxg6 hxg6 37. Bxb5 Rxf1+ 38. Kxf1 Rb8 39. Bc4 Rxb2 0-1